Matematické vyjadrenie bezporuchovosti : Október 2003

Enregistré dans:
Détails bibliographiques
Format: Livre
Langue:slovaque
Publié: Bratislava : Slovenský ústav technickej normalizácie, 2003
Sujets:
Tags: Ajouter un tag
Pas de tags, Soyez le premier à ajouter un tag!

MARC

LEADER 00000nam a22000003a 4500
001 stu177770
005 20150408163947.9
008 090113s2003----xo------------------slo-d
040 |a STU  |b slo 
041 0 |a slo 
044 |a xo 
245 |a Matematické vyjadrenie bezporuchovosti :  |b Október 2003 
260 |a Bratislava :  |b Slovenský ústav technickej normalizácie,  |c 2003 
300 |a 52 s 
500 |a Táto norma nahrádza anglickú verziu STN EN 61703 z októbra 2002 v celom rozsahu 
650 7 |a údržba  |2 stusub 
996 |b 284M069514  |c M*N-1316  |l MMKN  |s A  |a 24  |w stu177770_0001